|
|
|
|
| LEADER |
00000nam a2200000Ii 4500 |
| 001 |
DIGUCAUCA0006 |
| 003 |
NyNyDIG |
| 008 |
191129s2019 ck ab ob 000 0 spa d |
| 006 |
m o d |
| 007 |
cr ||||||||||| |
| 035 |
|
|
|a (OCoLC)1132389347
|
| 040 |
|
|
|a DGITA
|b eng
|e rda
|e pn
|c DGITA
|
| 020 |
|
|
|z 9789589451120
|
| 020 |
|
|
|z 9589451128
|
| 043 |
|
|
|a s-ck---
|
| 050 |
1 |
4 |
|a F2270.1.M5 ebook
|
| 082 |
0 |
4 |
|a 266.286163
|
| 100 |
1 |
|
|a Bonilla, Víctor Daniel,
|e author.
|
| 245 |
1 |
0 |
|a Siervos de Dios y amos de indios :
|b el Estado y la misión capuchina en el Putumayo /
|c Víctor Daniel Bonilla ; textos introductorios de Jesús Adalberto Carlosama, Ayda Lucía Jacanamijoy, Augusto Gómez y Robert Rover ; edición a cargo de Cristóbal Gnecco.
|
| 264 |
|
1 |
|a Popayán, Colombia :
|b Editorial Universidad del Cauca,
|c [2019]
|
| 300 |
|
|
|a 1 online resource :
|b illustrations, maps.
|
| 336 |
|
|
|a text
|b txt
|2 rdacontent
|
| 337 |
|
|
|a computer
|b c
|2 rdamedia
|
| 338 |
|
|
|a online resource
|b cr
|2 rdacarrier
|
| 347 |
|
|
|a text file
|2 rdaft
|
| 347 |
|
|
|b PDF
|
| 490 |
1 |
|
|a Biblioteca del Gran Cauca
|
| 504 |
|
|
|a Includes bibliographical references.
|
| 588 |
0 |
|
|a Online resource; title from PDF title page (Digitalia, viewed December 2, 2019)
|
| 610 |
2 |
0 |
|a Capuchins
|x Missions.
|
| 650 |
|
0 |
|a Indians of South America
|x Missions
|z Colombia.
|
| 650 |
|
0 |
|a Indians, Treatment of
|z Colombia.
|
| 655 |
|
0 |
|a Electronic books.
|
| 700 |
1 |
|
|a Gnecco, Cristóbal,
|e editor.
|
| 791 |
2 |
|
|a Digitalia (Firm),
|e distributor.
|
| 793 |
0 |
|
|g Digitalia eBook Collection:
|a Editorial Universidad del Cauca
|
| 776 |
0 |
8 |
|i Print version:
|a Bonilla, Víctor Daniel.
|t Siervos de Dios y amos de indios.
|b Tercera edición en español.
|d Popayán, Colombia : Editorial Universidad del Cauca, 2006 (2019 printing)
|z 9789589451120
|
| 830 |
|
0 |
|a Biblioteca del Gran Cauca.
|
| 856 |
4 |
0 |
|3 Digitalia Hispánica
|u https://www.digitaliapublishing.com/a/60604/
|
| 910 |
|
|
|a Premium collection: 2020
|